[Event "Ì13Â"]
[Site "Loo"]
[Date "2017.04.22"]
[Round "3.2"]
[White "Ïîñòàíîãîâ, Äìèòðèé."]
[Black "Öâåòêîâ, Àíäðåé."]
[Result "0-1"]
[WhiteElo "1801"]
[BlackElo "2066"]
[PlyCount "62"]
[EventDate "2017.04.20"]

1. e4 c5 2. c3 d5 3. exd5 Qxd5 4. d4 Nf6 5. Nf3 Bg4 6. Be2 e6 7. Na3 Nc6 8. O-O
cxd4 9. Nb5 Rc8 10. Nbxd4 Nxd4 11. Nxd4 Bxe2 12. Qxe2 Be7 13. Be3 a6 14. Rfd1
O-O 15. f3 Rfd8 16. Bf2 h6 17. Rd3 Qc4 18. b3 Qc7 19. Rad1 Kh8 20. Kh1 Nd5 21.
Bg3 Qxc3 22. Be5 Qa5 23. Qb2 Bf6 24. Bxf6 Nxf6 25. g3 Rd5 26. Qe2 Rcd8 27. a4
Qc5 28. Nc2 Rxd3 29. Rxd3 Rxd3 30. Qxd3 Nd5 31. Kg2 Qxc2+ 0-1

[Event "Ì13Â"]
[Site "Loo"]
[Date "2017.04.22"]
[Round "3.3"]
[White "Áåëîøàïêî, Ìàòâåé."]
[Black "Ñòóêàí, Ìàðòèí."]
[Result "0-1"]
[WhiteElo "1750"]
[BlackElo "1971"]
[PlyCount "72"]
[EventDate "2017.04.20"]

1. e4 c5 2. Nc3 e6 3. f4 d5 4. exd5 exd5 5. Bb5+ Nc6 6. Bxc6+ bxc6 7. d3 Nf6 8.
Nge2 Bd6 9. O-O O-O 10. b3 Re8 11. h3 h5 12. Na4 h4 13. Ba3 d4 14. Nb2 Nd5 15.
Nc4 Ne3 16. Nxe3 Rxe3 17. Bc1 Re8 18. Kh1 Bf5 19. Ng1 Re6 20. Qf3 Qa5 21. Qh5
g6 22. Qxh4 Qc3 23. Ba3 Qxc2 24. Nf3 Be7 25. Ng5 Bxg5 26. fxg5 Re2 27. Rac1
Qxd3 28. Bxc5 Be4 29. Rf2 Qd2 30. Bxd4 Qxd4 31. Rxe2 Bxg2+ 32. Rxg2 Qxh4 33.
Rxc6 Qxh3+ 34. Kg1 Re8 35. Rcc2 Re1+ 36. Kf2 Qe3# 0-1

[Event "Ì13Â"]
[Site "Loo"]
[Date "2017.04.22"]
[Round "3.5"]
[White "Ãðåáíåâ, Àëåêñåé."]
[Black "Ïîíîìàðåâ, Ãðèãîðèé."]
[Result "0-1"]
[WhiteElo "1874"]
[BlackElo "2088"]
[PlyCount "96"]
[EventDate "2017.04.20"]

1. e4 c5 2. Nf3 Nc6 3. Bb5 g6 4. O-O Bg7 5. d3 e5 6. Bxc6 bxc6 7. Be3 d6 8.
Nbd2 Ne7 9. Nb3 O-O 10. Qd2 f5 11. Bh6 f4 12. Bxg7 Kxg7 13. c3 Bg4 14. d4 Bxf3
15. gxf3 c4 16. Nc1 g5 17. Kh1 Ng6 18. Rg1 h6 19. b3 Nh4 20. Qd1 Qa5 21. bxc4
Qxc3 22. Nd3 Qxd4 23. Rc1 Rad8 24. Qe2 Qb6 25. Rgd1 c5 26. Rb1 Qc7 27. Rb3 Rb8
28. Rdb1 Rxb3 29. Rxb3 Rb8 30. Ne1 Rxb3 31. axb3 Qa5 32. Qd1 Qc3 33. Nd3 Qd4
34. h3 Ng6 35. Kg2 h5 36. Qe2 Qa1 37. b4 cxb4 38. Nxb4 Qc3 39. Nd5 Qxf3+ 40.
Qxf3 Nh4+ 41. Kf1 Nxf3 42. Ke2 Nd4+ 43. Kd3 g4 44. hxg4 h4 45. f3 h3 46. Nxf4
exf4 47. Kxd4 h2 48. Kd5 h1=Q 0-1

[Event "Ì13Â"]
[Site "Loo"]
[Date "2017.04.22"]
[Round "3.6"]
[White "Òðîôèìîâ, Ïàâåë."]
[Black "Åðàñòîâ, Ñåìåí."]
[Result "0-1"]
[WhiteElo "1933"]
[BlackElo "1838"]
[PlyCount "72"]
[EventDate "2017.04.20"]

1. d4 Nf6 2. Bf4 c5 3. dxc5 Qa5+ 4. Qd2 Qxc5 5. Nc3 g6 6. O-O-O Bg7 7. e4 O-O
8. f3 d6 9. Bh6 Nc6 10. Bxg7 Kxg7 11. h4 h5 12. Nge2 Be6 13. Nf4 Bc4 14. Bxc4
Qxc4 15. g4 Rh8 16. Rdg1 Ne5 17. Qd1 hxg4 18. fxg4 Nxe4 19. Nxe4 Qxe4 20. Rf1
Nc4 21. Kb1 Rac8 22. Nd3 Ne3 23. Re1 Qxh1 24. Qd2 Nf1 25. Qf4 Qh2 26. Qxf1
Qxc2+ 27. Ka1 e5 28. h5 Rc4 29. g5 Rxh5 30. Qf6+ Kg8 31. Qxd6 e4 32. Qd8+ Kh7
33. Qe7 Rc7 34. Qxe4 Rh3 35. Qf4 Qh2 36. Qe4 Qd6 {äàëåå çàïèñü íåðàçáîð~~èâà}
0-1

[Event "Ì13Â"]
[Site "Loo"]
[Date "2017.04.22"]
[Round "3.7"]
[White "Åôðåìîâ, Âëàäèñëàâ."]
[Black "Ãðåõîâ, Ëóêà."]
[Result "0-1"]
[WhiteElo "1879"]
[BlackElo "1756"]
[PlyCount "82"]
[EventDate "2017.04.20"]

1. d4 d5 2. c4 c6 3. Nd2 Nf6 4. Ngf3 Bf5 5. g3 e6 6. Bg2 h6 7. O-O Be7 8. Ne5
O-O 9. b3 Nbd7 10. Bb2 Rc8 11. f3 Nxe5 12. dxe5 Nd7 13. f4 Nc5 14. Bd4 b6 15.
cxd5 cxd5 16. Rc1 Qd7 17. h3 Nb7 18. Rxc8 Rxc8 19. g4 Bc2 20. Qa1 Qb5 21. Bf3
Qb4 22. Nb1 Bxb1 23. Rxb1 Qd2 24. f5 exf5 25. gxf5 Qg5+ 26. Kh2 Qxf5 27. Bxd5
Qf4+ 28. Kh1 Nd8 29. Rf1 Qd2 30. Bf3 Ne6 31. Rd1 Qf4 32. Qb2 Rd8 33. Kg2 Rxd4
34. Rc1 Rd8 35. Rc4 Qd2 36. Qxd2 Rxd2 37. Rc8+ Rd8 38. Rxd8+ Bxd8 39. e4 Ng5
40. Kg3 Nxf3 41. Kxf3 Kf8 0-1

[Event "Ì13Â"]
[Site "Loo"]
[Date "2017.04.22"]
[Round "3.8"]
[White "Ìåðö, Äìèòðèé."]
[Black "Ëüâîâ, Íèêèòà."]
[Result "1-0"]
[WhiteElo "1744"]
[BlackElo "1879"]
[PlyCount "89"]
[EventDate "2017.04.20"]

1. e4 c5 2. Nf3 d6 3. d4 cxd4 4. Nxd4 Nf6 5. Nc3 a6 6. Nb3 e6 7. Be3 Nbd7 8. f3
b5 9. Qd2 Bb7 10. O-O-O Rc8 11. g4 h6 12. h4 d5 13. exd5 Nxd5 14. Nxd5 Bxd5 15.
Bg2 Ne5 16. Qe2 Qc7 17. Rxd5 exd5 18. Bd4 f6 19. f4 Qc4 20. Re1 Bd6 21. fxe5
fxe5 22. Bxe5 Kd7 23. Bxd6 Qxe2 24. Rxe2 Kxd6 25. Rd2 Rhf8 26. Rxd5+ Ke7 27.
Be4 Rf4 28. Bf5 Rcc4 29. h5 Rf1+ 30. Kd2 Rcf4 31. Nd4 R4f2+ 32. Kc3 Rg1 33. Kb4
Ra1 34. a3 Rb1 35. b3 Ra1 36. Rd7+ Kf6 37. Rd6+ Ke5 38. Rd8 Rf4 39. c3 Rc1 40.
Re8+ Kd5 41. Rc8 Ra1 42. Rc5+ Kd6 43. Rc6+ Kd5 44. Rxa6 Rb1 45. Bxb1 1-0

[Event "Ì13Â"]
[Site "Loo"]
[Date "2017.04.22"]
[Round "3.9"]
[White "Áîáûëåâ, Íèêèòà."]
[Black "Ïøìàõîâ, Îñìàí."]
[Result "1/2-1/2"]
[WhiteElo "1640"]
[BlackElo "2121"]
[PlyCount "147"]
[EventDate "2017.04.20"]

1. e4 e6 2. c4 d5 3. cxd5 exd5 4. exd5 Nf6 5. Nc3 Nxd5 6. Bc4 Nb6 7. Bb3 Be7 8.
Nf3 O-O 9. O-O Nc6 10. d4 Bg4 11. Bf4 Bd6 12. Bg3 Bxg3 13. fxg3 Bxf3 14. Qxf3
Qxd4+ 15. Kh1 Ne5 16. Qxb7 Nd3 17. Qf3 Ne5 18. Qf2 Qxf2 19. Rxf2 Rad8 20. Raf1
Rd7 21. h3 c5 22. Na4 c4 23. Nxb6 axb6 24. Bc2 Rfd8 25. b3 b5 26. a4 bxa4 27.
bxc4 Ra7 28. Ra1 a3 29. Bb3 Rb8 30. Ba2 g6 31. Rd2 Rb2 32. Rad1 Nd3 33. Rxd3
Rxa2 34. Rc3 Rb2 35. c5 a2 36. Rcc1 Kf8 37. c6 Rc7 38. Re1 Rb6 39. Ra1 Rb2 40.
Rac1 f5 41. Kh2 Kf7 42. Kh1 Kf6 43. Kh2 Kg5 44. Kh1 f4 45. gxf4+ Kxf4 46. Kh2
g5 47. Rc4+ Kf5 48. Rc5+ Kg6 49. Rcc1 Kh5 50. Kh1 Kh4 51. Kh2 h5 52. Kg1 g4 53.
hxg4 hxg4 54. Kh2 Rb3 55. Ra1 Ra3 56. g3+ Rxg3 57. Rxa2 Rxc6 58. Re8 Rh6 59.
Rg2 Rh3+ 60. Kg1 Ra3 61. Rh2+ Kg3 62. Rg2+ Kh4 63. Rh2+ Rh3 64. Rxh3+ Kxh3 65.
Re3+ g3 66. Re8 Rh4 67. Rg8 Rf4 68. Rh8+ Kg4 69. Rg8+ Kf3 70. Rg7 Rg4 71. Rxg4
Kxg4 72. Kg2 Kf4 73. Kg1 g2 74. Kxg2 1/2-1/2

[Event "Ì13Â"]
[Site "Loo"]
[Date "2017.04.22"]
[Round "3.10"]
[White "Êèðèëëîâ, Äìèòðèé."]
[Black "Åðìîëàåâ, Èâàí."]
[Result "0-1"]
[WhiteElo "2099"]
[BlackElo "1804"]
[PlyCount "130"]
[EventDate "2017.04.20"]

1. e4 c5 2. Nf3 e6 3. d4 cxd4 4. Nxd4 Nf6 5. Nc3 Nc6 6. Ndb5 d6 7. Bf4 e5 8.
Bg5 a6 9. Na3 b5 10. Nd5 Be7 11. Bxf6 Bxf6 12. c4 b4 13. Nc2 a5 14. Qf3 Bg5 15.
Rd1 O-O 16. h4 Be7 17. c5 dxc5 18. Nf6+ Bxf6 19. Rxd8 Rxd8 20. Bc4 Nd4 21. Nxd4
Rxd4 22. Bd5 Ra7 23. b3 Bb7 24. Bxb7 Rxb7 25. Ke2 Rbd7 26. Qe3 Be7 27. g3 c4
28. bxc4 Bc5 29. Rc1 a4 30. f3 h6 31. Rc2 Kh7 32. Qc1 Rd3 33. h5 Kg8 34. Rb2
Rc3 35. Rc2 Rcd3 36. Rb2 R3d4 37. Rc2 Rb7 38. Rd2 b3 39. axb3 axb3 40. Rxd4
Bxd4 41. Qa3 Kh7 42. Qa8 Ra7 43. Qb8 b2 44. f4 Ra1 45. Qc8 Ra7 46. Qb8 Ra1 47.
Qc8 Ra7 48. Qb8 Ra6 49. c5 Rc6 50. Qb7 Rxc5 51. Qxf7 Rc6 52. Qb7 Rb6 53. Qf7
b1=Q 54. Qf5+ Kh8 55. Qf8+ Kh7 56. Qf5+ Kg8 57. Qc8+ Kf7 58. Qd7+ Kf6 59. Qd8+
Ke6 60. Qg8+ Kd6 61. Qd5+ Kc7 62. Qf7+ Kb8 63. Qe8+ Ka7 64. Qd7+ Rb7 65. Qa4+
Kb6 0-1

[Event "Ì13Â"]
[Site "Loo"]
[Date "2017.04.22"]
[Round "3.11"]
[White "Êàòàåâ, Àëåêñàíäð."]
[Black "Êîë÷èí, Ìàêñèì."]
[Result "1-0"]
[WhiteElo "1995"]
[BlackElo "1713"]
[PlyCount "73"]
[EventDate "2017.04.20"]

1. d4 Nf6 2. c4 g6 3. Nc3 Bg7 4. e4 d6 5. Be2 O-O 6. Bg5 e5 7. dxe5 dxe5 8.
Qxd8 Rxd8 9. Nd5 Nxd5 10. Bxd8 Nb4 11. O-O-O Nxa2+ 12. Kb1 Nb4 13. Bxc7 N8c6
14. Bd6 a5 15. Nf3 f5 16. Bxb4 axb4 17. Bd3 Kf8 18. b3 Be6 19. Kb2 Ke8 20. Bc2
Nd4 21. Bd3 Nc6 22. Ra1 Rc8 23. h4 h6 24. Kb1 Rd8 25. Kc2 Ke7 26. h5 g5 27.
exf5 Bc8 28. g4 b6 29. Be4 Bb7 30. Rhe1 Kf8 31. Bxc6 Bxc6 32. Nxe5 Ba8 33. Ra7
Kg8 34. Re7 Bf6 35. Re6 Bg7 36. f6 Bf8 37. f7+ 1-0

[Event "Ì13Â"]
[Site "Loo"]
[Date "2017.04.22"]
[Round "3.12"]
[White "Ïëÿñóíîâ, Äàíèèë."]
[Black "Áàëàøîâ, Àðñåíèé."]
[Result "0-1"]
[WhiteElo "1868"]
[BlackElo "1769"]
[PlyCount "60"]
[EventDate "2017.04.20"]

1. d4 Nf6 2. Nf3 g6 3. g3 Bg7 4. Bg2 O-O 5. O-O d6 6. c4 Nbd7 7. Nc3 c6 8. e4
Qc7 9. b3 e5 10. dxe5 dxe5 11. Ba3 Re8 12. Bd6 Qa5 13. b4 Qa3 14. Rc1 Bf8 15.
Bxf8 Nxf8 16. Qb3 Qxb3 17. axb3 Bg4 18. Nh4 Rad8 19. h3 Bc8 20. f4 Nh5 21. Kh2
Rd3 22. Nf3 exf4 23. gxf4 Ne6 24. f5 Nef4 25. fxg6 fxg6 26. Rfd1 Red8 27. Ne5
Rd2 28. Rg1 Bxh3 29. Nf3 Rxg2+ 30. Rxg2 Bxg2 0-1

[Event "Ì13Â"]
[Site "Loo"]
[Date "2017.04.22"]
[Round "3.13"]
[White "Æóêîâ, Ìàêñèì."]
[Black "Êó÷åðîâ, Ìàòâåé."]
[Result "1-0"]
[WhiteElo "1850"]
[BlackElo "1709"]
[PlyCount "119"]
[EventDate "2017.04.20"]

1. d4 d5 2. c4 e6 3. Nf3 f5 4. g3 c6 5. Bg2 Nf6 6. O-O Bd6 7. Nc3 O-O 8. Bf4
Qe7 9. Bxd6 Qxd6 10. c5 Qe7 11. Ne5 Nbd7 12. f4 Ne4 13. Nxe4 fxe4 14. e3 Nxe5
15. fxe5 Bd7 16. Qd2 Be8 17. Rxf8+ Qxf8 18. Rf1 Qe7 19. Qe2 Bg6 20. Bh3 Rf8 21.
Rxf8+ Kxf8 22. b4 Be8 23. a3 Bd7 24. Qf2+ Qf7 25. Qd2 Ke7 26. Bg2 Qf8 27. a4 a6
28. Bf1 Qe8 29. Be2 Qa8 30. Kg2 Qe8 31. Qe1 Qa8 32. g4 g5 33. h4 Qg8 34. Qf2
Qg6 35. Kh3 h6 36. Kg2 Qg7 37. Qg3 Qg6 38. Qe1 Qg7 39. b5 axb5 40. axb5 Qf8 41.
hxg5 hxg5 42. Qa5 Qd8 43. Qa7 cxb5 44. Qxb7 Qc8 45. Qb6 Qc6 46. Qb8 Qc8 47.
Qxc8 Bxc8 48. Bxb5 Kd8 49. Kf2 Bb7 50. Ke2 Kc7 51. Kd2 Ba8 52. Kc3 Bb7 53. Kb4
Ba8 54. Be8 Bb7 55. Kb5 Bc8 56. c6 Kb8 57. Kb6 Bb7 58. c7+ Ka8 59. Bc6 Bxc6 60.
c8=Q# 1-0

[Event "Ì13Â"]
[Site "Loo"]
[Date "2017.04.22"]
[Round "3.14"]
[White "Òèòîâ, Àëåêñàíäð."]
[Black "Õàðèòîíîâ, Åãîð."]
[Result "0-1"]
[WhiteElo "1704"]
[BlackElo "1850"]
[PlyCount "70"]
[EventDate "2017.04.20"]

1. d4 d5 2. Nf3 e6 3. c4 c6 4. g3 Nf6 5. Bg2 Nbd7 6. Nc3 Bd6 7. O-O O-O 8. b3
Re8 9. Bb2 b6 10. Re1 Ba6 11. e4 Bb4 12. e5 Ne4 13. Re3 f5 14. exf6 Bxc3 15.
f7+ Kxf7 16. Bxc3 Nxc3 17. Rxc3 Kg8 18. Qd2 Qf6 19. Re1 Rad8 20. cxd5 exd5 21.
Rce3 Qg6 22. Nh4 Qf7 23. Qc3 Bb7 24. Bh3 Nf8 25. Nf3 Qh5 26. Kg2 Re4 27. Rxe4
dxe4 28. Rxe4 c5 29. Rf4 Rxd4 30. Rf5 Qe8 31. Kg1 Rd1+ 32. Bf1 Qe2 33. Qc4+
Qxc4 34. bxc4 Be4 35. Rf4 Bd3 0-1

[Event "Ì13Â"]
[Site "Loo"]
[Date "2017.04.22"]
[Round "3.15"]
[White "Ñìèðíîâ, Ñàâåëèé."]
[Black "Ìàõëèí, Ìèðîí."]
[Result "1/2-1/2"]
[WhiteElo "1532"]
[BlackElo "1832"]
[PlyCount "85"]
[EventDate "2017.04.20"]

1. e4 c6 2. d4 d5 3. exd5 cxd5 4. Bd3 Nc6 5. c3 Qc7 6. Nf3 Bg4 7. a4 Nf6 8. h3
Bh5 9. Nbd2 e6 10. O-O Bd6 11. Re1 O-O 12. b4 Rfe8 13. Ba3 Bf4 14. Qc2 Rac8 15.
b5 Na5 16. Bb4 Nc4 17. Bxc4 Bxf3 18. b6 Qxb6 19. Bb5 Bh5 20. Bxe8 Qxb4 21. Rac1
Qa3 22. Bb5 Bg6 23. Bd3 Ne4 24. Bxe4 dxe4 25. Qd1 Rd8 26. Rb1 Qxc3 27. Nxe4 Qc6
28. Qf3 Bb8 29. Rxb7 Kh8 30. Ng5 Qxf3 31. gxf3 Kg8 32. Ne4 h6 33. Kf1 Bh5 34.
Kg2 a6 35. Nc5 Bf4 36. Re4 Bd2 37. Nxa6 Bg6 38. Re2 Rxd4 39. Nc5 Bf4 40. a5 Rd5
41. Nd7 Rxa5 42. Reb2 Ra8 43. R2b4 1/2-1/2

[Event "Ì13Â"]
[Site "Loo"]
[Date "2017.04.22"]
[Round "3.16"]
[White "Áàçûðöûðåíîâ, Êèðèëë."]
[Black "Àòîâìÿí, Àðò¸ì."]
[Result "0-1"]
[WhiteElo "1831"]
[BlackElo "1638"]
[PlyCount "82"]
[EventDate "2017.04.20"]

1. e4 c6 2. d4 d5 3. Nc3 dxe4 4. Nxe4 Nd7 5. Nf3 Ngf6 6. Ng3 e6 7. Bd3 c5 8.
O-O Be7 9. Re1 O-O 10. Qe2 Qc7 11. c4 Re8 12. Bd2 b6 13. Bc3 Bb7 14. Rad1 Rad8
15. Ne4 Nxe4 16. Bxe4 Bxe4 17. Qxe4 cxd4 18. Nxd4 Nf6 19. Qe2 Bc5 20. Nb5 Qf4
21. b4 Ng4 22. g3 Qxf2+ 23. Qxf2 Bxf2+ 24. Kf1 Rxd1 25. Rxd1 Ne3+ 26. Kxf2
Nxd1+ 27. Ke2 Nxc3+ 28. Nxc3 Rd8 29. Nb5 a6 30. Nc7 a5 31. bxa5 bxa5 32. Nb5
Kf8 33. a4 Ke7 34. Ke3 Kd7 35. Kd4 Kc6+ 36. Kc3 Kc5 37. Na3 Rd1 38. Kc2 Rh1 39.
h4 Rh3 40. Nb5 Rxg3 41. h5 Rg4 0-1

[Event "Ì13Â"]
[Site "Loo"]
[Date "2017.04.22"]
[Round "3.17"]
[White "×óãóíîâ, Âàäèì."]
[Black "×óìàåâñêèé, Àðñåíèé."]
[Result "1-0"]
[WhiteElo "1816"]
[BlackElo "1595"]
[PlyCount "39"]
[EventDate "2017.04.20"]

1. e4 c5 2. Nf3 e6 3. d4 cxd4 4. Nxd4 a6 5. Bd3 Bc5 6. Nb3 Be7 7. O-O d6 8. f4
Nf6 9. e5 dxe5 10. fxe5 Nfd7 11. Qg4 g5 12. Qh5 Nxe5 13. Nc3 h6 14. Be3 Bf6 15.
Ne4 Bg7 16. Bc5 b6 17. Nd6+ Kd7 18. Nxf7 Qe8 19. Nxe5+ Bxe5 20. Rf7+ 1-0

[Event "Ì13Â"]
[Site "Loo"]
[Date "2017.04.22"]
[Round "3.19"]
[White "Ãðà÷åâ, Àëåêñåé."]
[Black "Ïàíüêîâ, Äàíèèë."]
[Result "1-0"]
[WhiteElo "2147"]
[BlackElo "1764"]
[PlyCount "111"]
[EventDate "2017.04.20"]

1. e4 c5 2. Nf3 Nc6 3. d4 cxd4 4. Nxd4 g6 5. c4 Nf6 6. Nc3 Bg7 7. Be3 d6 8. Be2
O-O 9. O-O Bd7 10. f3 Nxd4 11. Bxd4 Bc6 12. b4 b6 13. Nd5 Bxd5 14. cxd5 Nd7 15.
Bxg7 Kxg7 16. Qd4+ Kg8 17. Ba6 Nf6 18. Rac1 Ne8 19. Qc4 b5 20. Bxb5 Qb6+ 21.
Kh1 Rb8 22. a4 Rb7 23. Qc6 Nc7 24. Qxb6 axb6 25. Bc6 Ra7 26. Rb1 Rb8 27. Kg1
Kf8 28. Kf2 e6 29. Ke3 Ke7 30. Kd4 b5 31. a5 e5+ 32. Kc3 g5 33. h4 Kf6 34. Rh1
h5 35. hxg5+ Kxg5 36. g3 Rh8 37. Rh4 f5 38. exf5 Kxf5 39. Rbh1 Kg5 40. g4 Kf4
41. Rxh5 Rf8 42. Rf5+ Rxf5 43. gxf5 Kxf5 44. Rh6 Ra6 45. Kd3 Kf4 46. Rf6+ Kg3
47. Rxd6 Kxf3 48. Rd7 e4+ 49. Kd4 Ne6+ 50. dxe6 Rxc6 51. Rf7+ Kg4 52. Kxe4
Rxe6+ 53. Kd5 Rg6 54. Kc5 Rg5+ 55. Kb6 Kg3 56. a6 1-0

[Event "Ì13Â"]
[Site "Loo"]
[Date "2017.04.22"]
[Round "3.20"]
[White "Êóíäÿíîê, Âëàäèñëàâ."]
[Black "Ìî÷àëèí, Ôàääåé."]
[Result "0-1"]
[WhiteElo "1810"]
[BlackElo "1925"]
[PlyCount "174"]
[EventDate "2017.04.20"]

1. e4 e6 2. d4 d5 3. Nc3 Bb4 4. e5 c5 5. Bd2 Ne7 6. Nb5 Bxd2+ 7. Qxd2 O-O 8. f4
cxd4 9. Nxd4 b6 10. Be2 Ba6 11. c3 Qd7 12. Ngf3 Bxe2 13. Qxe2 Nbc6 14. O-O a6
15. Rfd1 Nxd4 16. Nxd4 Qb7 17. Rd3 Nc6 18. Rh3 Nxd4 19. Qh5 Ne2+ 20. Kf2 h6 21.
Kxe2 d4 22. Qf3 Qd7 23. Qd3 Qc6 24. Rf3 dxc3 25. Qxc3 Qe4+ 26. Kf1 Rac8 27. Qd3
Qa4 28. Qb3 Qe4 29. Re1 Qb7 30. Rd3 b5 31. Red1 Rc4 32. Rd4 Rc7 33. Qd3 Rfc8
34. Rd8+ Rxd8 35. Qxd8+ Kh7 36. Qd3+ g6 37. b3 b4 38. Rd2 Qb6 39. Qd4 Qb5+ 40.
Kf2 Rc1 41. Kg3 Rc3+ 42. Kg4 h5+ 43. Kg5 Qc5 44. Qxc5 Rxc5 45. Kf6 Rc7 46. Rd6
Rc2 47. Rxa6 Rxg2 48. Kxf7 Rxh2 49. Ra4 Rf2 50. Rxb4 g5 51. f5 exf5 52. e6 h4
53. e7 Re2 54. Kf6 Kh6 55. Rb8 Rxe7 56. Kxe7 Kg7 57. Rb5 Kg6 58. Ke6 f4 59. Ke5
h3 60. Rb6+ Kh5 61. Kf5 h2 62. Rb8 Kh4 63. Rh8+ Kg3 64. Rh5 f3 65. Rxg5+ Kh4
66. Rg4+ Kh3 67. Kf4 h1=Q 68. Rg3+ Kh4 69. Rxf3 Qh2+ 70. Ke4 Kg4 71. Re3 Qxa2
72. Ke5 Qa5+ 73. Ke4 Qd2 74. Rd3 Qf4+ 75. Kd5 Kf5 76. Rd4 Qc7 77. Rd3 Qe5+ 78.
Kc4 Ke4 79. Rd1 Qc7+ 80. Kb4 Qc2 81. Rd8 Qf2 82. Re8+ Kd3 83. Rd8+ Kc2 84. Rc8+
Kb2 85. Rc6 Qd4+ 86. Kb5 Kxb3 87. Rh6 Qd3+ 0-1

[Event "Ì13Â"]
[Site "Loo"]
[Date "2017.04.22"]
[Round "3.21"]
[White "Êóëèê, Àðòóð."]
[Black "Ìîðîçîâ, Ãåííàäèé."]
[Result "1-0"]
[WhiteElo "1918"]
[BlackElo "1738"]
[PlyCount "71"]
[EventDate "2017.04.20"]

1. d4 d5 2. c4 dxc4 3. e4 e5 4. Nf3 exd4 5. Bxc4 Bb4+ 6. Nbd2 Nc6 7. Qb3 Qe7 8.
O-O Na5 9. Qd3 Nxc4 10. Nxc4 Be6 11. a3 Bc5 12. b4 Bxc4 13. Qxc4 Bb6 14. a4 a6
15. a5 Ba7 16. Ba3 O-O-O 17. Rfc1 Rd7 18. b5 Qe6 19. b6 Bb8 20. Qxe6 fxe6 21.
bxc7 Bxc7 22. Ne5 Nf6 23. Nxd7 Kxd7 24. Rab1 Nxe4 25. Rc4 e5 26. Rxb7 Rc8 27.
f4 Nc3 28. fxe5 Nb5 29. Bd6 d3 30. Kf2 Nxd6 31. exd6 Kxd6 32. Ke3 Re8+ 33. Kxd3
Re7 34. Ra7 Bb8 35. Rd4+ Ke6 36. Re4+ 1-0

[Event "Ì13Â"]
[Site "Loo"]
[Date "2017.04.22"]
[Round "3.22"]
[White "Òàðàñîâ, Äàíèëà."]
[Black "Äàí÷åíêî, Àðòåìèé."]
[Result "1-0"]
[WhiteElo "1768"]
[BlackElo "1888"]
[PlyCount "91"]
[EventDate "2017.04.20"]

1. e4 c5 2. d4 cxd4 3. c3 dxc3 4. Nxc3 d6 5. Nf3 Nc6 6. Bc4 e6 7. O-O Be7 8.
Qe2 Bd7 9. Rd1 a6 10. h3 h6 11. Bf4 e5 12. Be3 b5 13. Bd5 Nf6 14. Bxc6 Bxc6 15.
Nxe5 Bb7 16. Nf3 Qa5 17. Nd5 Nxd5 18. exd5 Qd8 19. Bf4 O-O 20. Nd4 Qd7 21. Qf3
Rac8 22. Rd2 Rc5 23. Nb3 Rc7 24. Qg3 Kh7 25. Re1 Rd8 26. Rde2 Bf6 27. Qd3+ Kh8
28. Bxd6 Rcc8 29. Nc5 Rxc5 30. Bxc5 Bxd5 31. b3 Qc6 32. Be7 Bxe7 33. Rxe7 Rf8
34. f3 Be6 35. Qd4 Rc8 36. R1xe6 Qc1+ 37. Re1 Qg5 38. Qd3 Qc5+ 39. Kh1 Rf8 40.
Re8 g6 41. Rxf8+ Qxf8 42. Qd4+ Kh7 43. Qf6 a5 44. Re7 Qc8 45. Rxf7+ Kg8 46.
Qg7# 1-0

[Event "Ì13Â"]
[Site "Loo"]
[Date "2017.04.22"]
[Round "3.23"]
[White "Òåðçÿí, Íàçàð."]
[Black "Âàñèëüåâ, Àëåêñåé."]
[Result "0-1"]
[WhiteElo "1715"]
[BlackElo "1861"]
[PlyCount "66"]
[EventDate "2017.04.20"]

1. e4 c5 2. Nf3 e6 3. d4 cxd4 4. Nxd4 a6 5. Nc3 Qc7 6. Be2 Nf6 7. O-O Be7 8.
Be3 O-O 9. f4 d6 10. Kh1 Bd7 11. Qe1 Nc6 12. Qg3 Kh8 13. Rad1 b5 14. Bd3 Nxd4
15. Bxd4 b4 16. Ne2 Bb5 17. e5 dxe5 18. Bxe5 Qb7 19. Qh3 Bxd3 20. Rxd3 Rac8 21.
c3 Rfd8 22. Nd4 bxc3 23. bxc3 Ne4 24. Qg4 f6 25. Rdd1 fxe5 26. Nxe6 Rg8 27.
fxe5 Bc5 28. Qf5 Qe7 29. Nf4 Nf2+ 30. Rxf2 Bxf2 31. Rf1 Rgf8 32. Qh3 Qh4 33.
Rxf2 Qxf2 0-1

[Event "Ì13Â"]
[Site "Loo"]
[Date "2017.04.22"]
[Round "3.24"]
[White "Ïîçíÿê, Íàçàð."]
[Black "Äìèòðèåâ, Èâàí."]
[Result "1-0"]
[WhiteElo "2069"]
[BlackElo "1666"]
[PlyCount "71"]
[EventDate "2017.04.20"]

1. d4 e6 2. c4 b6 3. Nc3 Bb4 4. Nf3 Bb7 5. Bg5 Ne7 6. Bxe7 Qxe7 7. e3 O-O 8.
Bd3 f5 9. O-O Bxc3 10. bxc3 d6 11. Qc2 e5 12. Nd2 e4 13. Be2 Nd7 14. Rfe1 Rae8
15. Nf1 Qg5 16. Qa4 f4 17. Qxd7 f3 18. Ng3 fxe2 19. Qxc7 Re7 20. Qxd6 Ref7 21.
Rxe2 Rf6 22. Qe5 Qxe5 23. dxe5 Re6 24. Rd2 Rxe5 25. Rd7 Ba6 26. Rd4 Bb7 27.
Rad1 h5 28. h4 Ra5 29. R1d2 Ra3 30. Rd7 Bc6 31. Rc7 Rf6 32. Nxh5 Rg6 33. Rd8+
Kh7 34. Rcc8 Re6 35. Rh8+ Kg6 36. Nf4+ 1-0

[Event "Ì13Â"]
[Site "Loo"]
[Date "2017.04.22"]
[Round "3.25"]
[White "Êîçóáîâ, Ìèõàèë."]
[Black "Òðîôèìîâ, Èâàí."]
[Result "0-1"]
[WhiteElo "1732"]
[BlackElo "1826"]
[PlyCount "58"]
[EventDate "2017.04.20"]

1. c4 Nf6 2. Nc3 c5 3. e4 d6 4. d3 g6 5. g3 Bg7 6. Bg2 O-O 7. Nge2 Nc6 8. O-O
Bd7 9. Be3 a6 10. h3 Rb8 11. Rc1 Ne8 12. Kh2 Nc7 13. d4 cxd4 14. Nxd4 Ne6 15.
Nde2 b5 16. cxb5 axb5 17. b3 Nc7 18. f4 Ne8 19. f5 Ne5 20. g4 e6 21. Qd2 h6 22.
Bxh6 Nxg4+ 23. hxg4 Qh4+ 24. Kg1 Bxh6 25. Qe1 Be3+ 26. Rf2 Nf6 27. fxg6 Nxg4
28. Kf1 Bxf2 29. Qd1 Ne3# 0-1

[Event "Ì13Â"]
[Site "Loo"]
[Date "2017.04.22"]
[Round "3.26"]
[White "Æóêîâ, Èâàí."]
[Black "Ñìèðíîâ, Ìàðê."]
[Result "1-0"]
[WhiteElo "1814"]
[BlackElo "1786"]
[PlyCount "77"]
[EventDate "2017.04.20"]

1. e4 c5 2. Nf3 d6 3. d4 cxd4 4. Nxd4 Nf6 5. f3 g6 6. c4 Bg7 7. Nc3 O-O 8. Be3
Nc6 9. Be2 Nxd4 10. Bxd4 Be6 11. O-O Nd7 12. Bxg7 Kxg7 13. Qd4+ f6 14. Kh1 Qb6
15. Qd2 a6 16. b3 Rac8 17. f4 Nc5 18. Rf3 Bf7 19. Rh3 Rh8 20. Rd1 h5 21. Rg3 h4
22. Re3 Rcd8 23. Bg4 Rdg8 24. Rde1 Kf8 25. e5 dxe5 26. fxe5 f5 27. Bf3 e6 28.
b4 f4 29. R3e2 Qxb4 30. Qd8+ Kg7 31. Qf6+ Kh6 32. Qxh4+ Kg7 33. Qf6+ Kh7 34.
Qxf7+ Rg7 35. Qxf4 Qxc3 36. Re3 Qc2 37. Bd1 Qxa2 38. Qh4+ Kg8 39. Qd8+ 1-0

[Event "Ì13Ï"]
[Site "Loo"]
[Date "2017.04.22"]
[Round "3.1"]
[White "Êóçüìèí, Àðñåíèé."]
[Black "Êèðþøèí, Èâàí."]
[Result "1-0"]
[WhiteElo "1877"]
[BlackElo "1640"]
[PlyCount "57"]
[EventDate "2017.04.20"]

1. e4 e5 2. f4 exf4 3. Nf3 g5 4. Bc4 d6 5. d4 Nc6 6. O-O Bg4 7. g3 Qf6 8. c3
O-O-O 9. Qa4 a6 10. Bxa6 Bd7 11. Bb5 g4 12. d5 Nb8 13. Nd4 f3 14. Bxd7+ Rxd7
15. Qa8 Ne7 16. Be3 Bh6 17. Bf2 c6 18. dxc6 bxc6 19. Na3 Bg5 20. Nc4 Rb7 21. a4
Qh6 22. h4 Rg8 23. a5 Bxh4 24. a6 Rxb2 25. Nxb2 Bg5 26. a7 Kc7 27. axb8=Q+ Rxb8
28. Ra7+ Kc8 29. Nf5 1-0

[Event "Ì13Ï"]
[Site "Loo"]
[Date "2017.04.22"]
[Round "3.2"]
[White "Ëåáåäåâ, Íèêèòà."]
[Black "Èâàíîâ, Àðòåì."]
[Result "1/2-1/2"]
[WhiteElo "1635"]
[BlackElo "1832"]
[PlyCount "111"]
[EventDate "2017.04.20"]

1. e4 e5 2. Nf3 Nc6 3. Bb5 a6 4. Ba4 Nf6 5. O-O Be7 6. d4 exd4 7. e5 Ne4 8.
Nxd4 Nc5 9. Nf5 Ne6 10. Nxe7 Qxe7 11. Re1 O-O 12. c3 f6 13. Bxc6 dxc6 14. exf6
Qxf6 15. Be3 Nf4 16. Bxf4 Qxf4 17. Qd4 Qxd4 18. cxd4 Rd8 19. Rd1 c5 20. d5 b5
21. Nc3 Bb7 22. Rd2 b4 23. Na4 Rxd5 24. Rxd5 Bxd5 25. Nxc5 a5 26. b3 Re8 27.
Kf1 Bc6 28. f3 Bb5+ 29. Kf2 Re2+ 30. Kg3 Kf7 31. a4 Bc6 32. Rc1 Bd5 33. Ne4 c6
34. Rc5 Re3 35. Kf2 Rxb3 36. Rxa5 Rb2+ 37. Kg3 b3 38. Nc3 Rd2 39. Nxd5 Rxd5 40.
Ra7+ Kf6 41. Rb7 Ra5 42. Rxb3 Rxa4 43. Rc3 Ra6 44. Rc5 Ke6 45. Kf4 Kd6 46. Rg5
Ra4+ 47. Ke3 g6 48. g4 c5 49. h4 Ra3+ 50. Ke2 c4 51. h5 gxh5 52. Rxh5 Ra2+ 53.
Kd1 Rf2 54. Rf5 Ke6 55. Rc5 Rxf3 56. Rxc4 1/2-1/2

[Event "Ì13Ï"]
[Site "Loo"]
[Date "2017.04.22"]
[Round "3.3"]
[White "Ôèëàòîâ, Ãåîðãèé."]
[Black "Êóçíåöîâ, Âàäèì."]
[Result "1/2-1/2"]
[WhiteElo "1793"]
[BlackElo "1628"]
[PlyCount "95"]
[EventDate "2017.04.20"]

1. Nf3 c5 2. g3 Nc6 3. Bg2 e5 4. d3 d5 5. O-O f6 6. Nc3 Nge7 7. a3 Bg4 8. Rb1
Ng6 9. Na2 Be6 10. b3 a5 11. c4 d4 12. Nd2 Qd7 13. Ne4 Bh3 14. f3 Be6 15. Bd2
Be7 16. Qc2 O-O 17. b4 axb4 18. axb4 cxb4 19. Nxb4 f5 20. Nf2 h5 21. Nxc6 bxc6
22. e4 dxe3 23. Bxe3 f4 24. gxf4 Nxf4 25. Bxf4 Rxf4 26. Rfe1 Qd4 27. Qb2 Bc5
28. Qxd4 Bxd4 29. Re2 Bf5 30. Rd1 Ra3 31. Kf1 Bxf2 32. Kxf2 Bxd3 33. Rxe5 Bxc4
34. Rxh5 Bd5 35. Rhxd5 cxd5 36. Rxd5 Rf6 37. h4 Ra2+ 38. Kg3 Rg6+ 39. Rg5 Rd6
40. Bh3 Ra3 41. Bf5 Kf7 42. Be4 Ra7 43. Bd5+ Kf6 44. Be4 Rad7 45. Rf5+ Ke6 46.
Rg5 Kf6 47. Rf5+ Ke6 48. Rg5 1/2-1/2